|
|
|
|
| LEADER |
00000cam a2200000 a 4500 |
| 001 |
vtls011717915 |
| 003 |
SK-MaSNL |
| 005 |
20260426010059.0 |
| 008 |
200316s2017 xo b 000 0bslo |
| 015 |
|
|
|a SNBA2018/01
|
| 020 |
|
|
|a 9788089567751
|q (brožované)
|
| 035 |
|
|
|a urn:nbn:sk:snk-am00dg9f
|
| 035 |
|
|
|a urn:nbn:sk:snk-am3i19j
|
| 035 |
|
|
|a AD7A36E3-A1B7-4C25-B863-F05B20602933
|
| 040 |
|
|
|a SNK
|b slo
|c SNK
|e AACR2
|
| 041 |
0 |
|
|a slo
|
| 044 |
|
|
|a xo
|c SK
|
| 072 |
|
7 |
|a 32
|x Politika
|2 konspekt
|
| 072 |
|
7 |
|a 929
|x Biografie
|2 konspekt
|
| 080 |
|
|
|a 32-051
|2 2011
|
| 080 |
|
|
|a 2-722.53
|2 2011
|
| 080 |
|
|
|a 328/329
|2 2011
|
| 080 |
|
|
|a 94(437.6)
|2 2011
|
| 080 |
|
|
|a 32:316.3
|2 2011
|
| 080 |
|
|
|a 929
|2 2011
|
| 080 |
|
|
|a (082)
|2 2011
|
| 245 |
0 |
0 |
|a Jozef Tiso kňaz a prezident
|c zostavila Emília Hrabovec
|
| 250 |
|
|
|a 1. vyd.
|
| 260 |
|
|
|a Bratislava
|b Post Scriptum
|c 2017
|
| 300 |
|
|
|a 213 s.
|c 24 cm
|
| 504 |
|
|
|a Obsahuje bibliografiu
|
| 600 |
1 |
7 |
|a Tiso, Jozef,
|d 1887-1947
|2 SNKMA
|9 109798
|
| 650 |
0 |
7 |
|a prezidenti
|2 SNKPH
|9 4128
|
| 650 |
0 |
7 |
|a politici
|2 SNKPH
|9 2679
|
| 650 |
0 |
7 |
|a kňazi
|2 SNKPH
|9 28986
|
| 650 |
0 |
7 |
|a politický život
|2 SNKPH
|9 74723
|
| 650 |
0 |
7 |
|a politika
|2 SNKPH
|9 968
|
| 650 |
0 |
7 |
|a biografie
|2 SNKPH
|9 111226
|
| 651 |
|
7 |
|a Slovensko
|2 SNKPH
|9 14231
|
| 655 |
|
7 |
|a zborníky
|2 SNKPH
|9 70165
|
| 700 |
1 |
|
|a Hrabovec, Emilia,
|d 1964-
|4 com
|9 48293
|
| 852 |
|
|
|a Štátna vedecká knižnica v Banskej Bystrici
|
| 919 |
|
|
|a 978-80-89567-75-1
|
| 958 |
|
|
|a NB
|
| 958 |
|
|
|a BX
|
| 999 |
|
|
|c 1024821
|d 1026751
|
| 952 |
|
|
|a SNK
|b SNK
|y VYP
|7 0
|p 17A1305150
|o snkSC 177097 D1
|i snk2017/26285
|8 0
|0 0
|1 0
|4 0
|d 2017-11-28
|l 0
|r 2026-02-24 13:35:45
|w 2026-02-24
|
| 952 |
|
|
|a SNK
|b SNK
|y PREZ
|7 0
|p 17A1305149
|o snkSC 177097
|i snk2017/26284
|8 0
|0 0
|1 0
|4 0
|d 2017-11-28
|f 1
|l 0
|r 2025-09-18 00:00:00
|w 2026-02-24
|